000 00204nam a22000857a 4500
008 170221b xxu||||| |||| 00| 0 eng d
100 _92938
_aBlyton.E.
245 _aFive get into fix
260 _aNew Delhi
_c2011
999 _c6180
_d6180